BAŞARI OKULU (Record no. 1201550)

MARC details
000 -LEADER
sabit uzunluktaki kontrol alanı 00243nam a2200097Ia 4500
001 - KONTROL NUMARASI
kontrol alanı 1201550
005 - EN SON İŞLEMİN TARİH VE ZAMANI
kontrol alanı 20250827022633.0
008 - SABİT-UZUNLUKTA VERİ ÖĞELERİ--GENEL BİLGİ
sabit uzunluktaki kontrol alanı 250824s9999 xx 000 0 und d
245 #0 - ESER / YAZAR
ESER ADI BAŞARI OKULU
Yazar Adı ÖZGÜR GEZ
260 ## - YAYIN, DAĞITIM, VB.
YAYIN EVİ ATLI KARINCA YAYINLARI
Holdings
Düşüm durumu Kayıp durumu Hasar Durumu Ödünç verilmez Ana kütüphane Geçerli Kütüphane Edinilen tarih Toplam ödünç verme sayısı Barkod Son görüntüleme tarihi Son ödünç verme tarihi Fiyatın geçerli olmaya başladığı tarih Koha materyal türü
        ADNAN HADİYE SÜRMEGÖZ ORTAOKULU ADNAN HADİYE SÜRMEGÖZ ORTAOKULU 24.08.2025 1 105910608 09.01.2026 06.01.2026 27.08.2025 Books